Statistics for Countries with an 'S' in their name:

Click here to take the quiz!

General Stats

  • This quiz has been taken 79 times
  • The average score is 64 of 70

Answer Stats

HintAnswer% Correct
RRussia
99%
Spain
99%
IIndonesia
97%
Estonia
97%
Australia
97%
South Korea
97%
South Africa
97%
Austria
97%
Sweden
97%
Sudan
96%
South Sudan
96%
Switzerland
96%
Slovenia
96%
Slovakia
96%
Singapore
96%
United States of America
96%
Senegal
96%
SSaint Kitts
96%
UUnited Arab Emirates
95%
Seychelles
95%
Serbia
95%
AAfghanistan
95%
PPakistan
95%
KKazakhstan
95%
HHonduras
95%
Kosovo
93%
Turkmenistan
93%
Malaysia
93%
Solomon Islands
93%
NNetherlands
93%
San Marino
93%
Israel
93%
Saint Vincent and the Grenadines
92%
BBahamas
92%
TTajikistan
92%
Syria
92%
Suriname
92%
El Salvador
92%
eSwatini
92%
Uzbekistan
92%
Saint Lucia
92%
LLaos
92%
Liechtenstein
92%
Cyprus
90%
Lesotho
90%
Barbados
90%
Sri Lanka
90%
CComoros
90%
Bosnia and Herzegovina
89%
EEast Timor
89%
Bangladesh
89%
Saudi Arabia
89%
MMadagascar
89%
Belarus
89%
Botswana
89%
Mauritius
88%
Philippines
88%
Maldives
88%
Sierra Leone
88%
Kyrgyzstan
88%
Samoa
88%
Somalia
88%
Burkina Faso
86%
Costa Rica
85%
Tunisia
85%
Marshall Islands
84%
Sao Tome and Principe
84%
Micronesia
79%
Ivory Coast
79%
GGuinea Bissau
78%

Score Distribution

Percentile by Number Answered

Percent of People with Each Score

Your Score History

You have not taken this quiz